000
00344nam a2200145Ia 4500
008
090124s9999 xx 000 0 und d
082
_b
33070
245
_a
यशवंत
250
_a
1
260
_b
चिटणीस शुभा
_c
2005
300
_a
324
630
_a
यशवंत
730
_a
यशवंत
942
_c
BOOK
999
_c
180550
_d
180550